PRINCIPALES OF CRITICAL CARE. (Record no. 1215316)

MARC details
000 -LEADER
fixed length control field 00487nam a22001817a 4500
003 - CONTROL NUMBER IDENTIFIER
control field OSt
005 - DATE AND TIME OF LATEST TRANSACTION
control field 20260203095417.0
008 - FIXED-LENGTH DATA ELEMENTS--GENERAL INFORMATION
fixed length control field 260203b |||||||| |||| 00| 0 eng d
020 ## - INTERNATIONAL STANDARD BOOK NUMBER
International Standard Book Number 9789354659102
040 ## - CATALOGING SOURCE
Transcribing agency JAYPEE BROTHERS
082 ## - DEWEY DECIMAL CLASSIFICATION NUMBER
Edition number 4
Classification number 616.61
Item number UDW
100 ## - MAIN ENTRY--PERSONAL NAME
Personal name UDWADIA F.E
245 ## - TITLE STATEMENT
Title PRINCIPALES OF CRITICAL CARE.
260 ## - PUBLICATION, DISTRIBUTION, ETC.
Place of publication, distribution, etc. B.M.S.G.B PUNE
Name of publisher, distributor, etc. JAYPEE BROTHERS
Date of publication, distribution, etc. 2024
300 ## - PHYSICAL DESCRIPTION
Extent XVIII;981;HB
500 ## - GENERAL NOTE
General note BILL NO - 6408<br/>DATE - 13/01/2026
942 ## - ADDED ENTRY ELEMENTS (KOHA)
Source of classification or shelving scheme Dewey Decimal Classification
Koha item type Textbook
Edition 4
Suppress in OPAC No
Holdings
Withdrawn status Lost status Source of classification or shelving scheme Damaged status Not for loan Collection Home library Current library Date acquired Source of acquisition Cost, normal purchase price Total Checkouts Full call number Barcode Date last seen Price effective from Koha item type
    Dewey Decimal Classification     Text Medical College & Hospital, Sangli Medical College & Hospital, Sangli 03/02/2026 B.M.S.G.B, PUNE 2895.00   616.61/UDW MCS-17554 03/02/2026 03/02/2026 Textbook